Beginning TV Show Titles Quiz Stats

 Plays Quiz Updated May 2, 2012

Challenge
Share
Tweet
Embed
Score 0/81 Timer 06:00
6 Plays Today
Rest of Title [Character] First Word % Correct
____ Trek: The Next Generation
[Captain Picard]
Star
98.9%
____ Upon a Time [Snow]Once
98.4%
____ Loves Raymond
[Debra Barone]
Everybody
97.8%
____ Wants to Be a Millionaire?
[Regis Philbin]
Who
97%
____ SquarePants [Gary the Snail]SpongeBob
94.5%
____ Improvement
[Tim Taylor]
Home
94.5%
____ & Order [Jack McCoy]Law
94.1%
____ of Fortune [Vanna White]Wheel
94%
____ Idol [Ryan Seacrest]American
93.9%
____ Night Live [Brian Fellow]Saturday
93.6%
____ House on the Prairie
[Laura Ingalls]
Little
93%
____ of Our Lives
[Dr. Marlena Evans]
Days
92.8%
____ Tree Hill [Brooke Davis]One
92.5%
____ the Explorer [Swiper]Dora
92%
____ Montana [Miley Stewart]Hannah
91.9%
____ By the Bell [Zack Morris]Saved
91.6%
____ the Vampire Slayer
[Xander Harris]
Buffy
91.1%
____ Guy [Stewie Griffin]Family
91%
____ I Met Your Mother [Barney Stinson]How
90.6%
____ Street [Elmo]Sesame
89.7%
____ Shore [Snooki]Jersey
89.7%
____ with the Stars [Bruno Tonioli]Dancing
89.3%
____ Arnold! [Helga Pataki]Hey
89.2%
____, She Wrote [Jessica Fletcher]Murder
88.9%
____ Your Enthusiasm [Jeff Greene]Curb
88.4%
____ & Butt-Head [Butt-Head]Beavis
87%
____ and Recreation [Leslie Knope]Parks
86.8%
Rest of Title [Character] First Word % Correct
____ Galactica [Starbuck]Battlestar
86.6%
____: Impossible [Barney Collier]Mission
85.8%
____ Development [Michael Bluth]Arrested
85.5%
____ Anatomy [McSteamy]Grey's
84.6%
____ Night Lights [Eric Taylor]Friday
84.2%
____ and Pregnant
[Maci Bookout, e.g.]
16
82.9%
____ Factor [Joe Rogan]Fear
81.8%
____, Texas Ranger [James Trivette]Walker
80.5%
____ Blood [Sookie Stackhouse]True
80.2%
____ Minutes [Lesley Stahl]60
80%
____ of Thrones [Eddard Stark]Game
79.9%
____ Clues
[Handy Dandy Notebook]
Blue's
79.6%
____ Days [Arthur Fonzarelli]Happy
79.4%
____ Notice [Sam Axe]Burn
79.3%
____ in the Family [Edith Bunker]All
79%
____ Park [Chef]South
78.6%
____ Family [Phil Dunphy]Modern
78.3%
____ Creek [Jen Lindley]Dawson's
77.8%
____ Hospital [Sonny Corinthos]General
75.7%
____ Collar [Neal Caffrey]White
75.4%
____ Runway [Heidi Klum]Project
74.9%
____ Albert and the Cosby Kids [Bill]Fat
74.8%
____: Warrior Princess [Gabrielle]Xena
74.8%
____ Rock [Jack Donaghy]30
73.6%
____ & Tiaras [Crazy Mom, e.g.]Toddlers
73.6%
____ Minds [Dr. Spencer Reid]Criminal
72%
____ Bad [Walter White]Breaking
70.7%
Rest of Title [Character] First Word % Correct
____ and Geeks [Lindsay Weir]Freaks
70.6%
____ Heaven [Happy]7th
70.1%
____ & Shirley [Andrew Squigman]Laverne
70%
____ Morphin' Power Rangers
[The pink one, eg]
Mighty
69.9%
____ Squares [Whoopi Goldberg, e.g.]Hollywood
69.8%
____ House [Jesse Katsopolis]Full
69.1%
____ Laboratory [Dee Dee]Dexter's
68%
____ Peaks [Dale Cooper]Twin
67.2%
____ Stevens [Louis Stevens]Even
66.1%
____ Practice [Dr. Sam Bennett]Private
64.5%
____ from the Crypt [Crypt Keeper]Tales
64.2%
____: The Last Airbender [Katara]Avatar
64.1%
____ Girls [Lorelei]Gilmore
62.2%
____ McGuire [Gordo]Lizzie
59.2%
____ Mars [Logan Echolls]Veronica
58%
____ Off Ted [Veronica Palmer]Better
58%
____ Street Blues [Frank Furillo]Hill
54.4%
____ Earth
[Sigorney Weaver, narration]
Planet
52.7%
____ Modern Life [Heffer Wolfe]Rocko's
48.1%
____ Empire [Nucky Thompson]Boardwalk
45.7%
____!!! Real Monsters [Krumm]Aaahh
45.1%
____ Break [Michael Scofield]Prison
43%
____ Science Theater 3000
[Tom Servo]
Mystery
42.3%
____ Love [Bill Henrickson]Big
39.5%
____ of the Hidden Temple
[Red Jaguars]
Legends
34.4%
____ Affairs [Annie Walker]Covert
33.9%
____ Bebop [Jet Black]Cowboy
20.6%

You're not logged in!

Compare scores with friends on all Sporcle quizzes.
OR
Log In

You Might Also Like...

Show Comments

Extras

Top Quizzes Today


Score Distribution

Your Account Isn't Verified!

In order to create a playlist on Sporcle, you need to verify the email address you used during registration. Go to your Sporcle Settings to finish the process.

Report this User

Report this user for behavior that violates our Community Guidelines.

Details: